00660nam a2200217 a 450000100060000000300080000600500170001400800410003103500190007204000270009104100080011808200260012610000220015224500580017425000130023226000540024530000210029950000460032050000490036665000270041547391BD-RjUL20211209054315.0160808s1952 enk 000 0 eng d a(BD-RjUL)47510 aNDDcNDDdBD-RjULbeng aeng 223bREG 1952a370.1931 aReeves, Marjorie.10aGrowing up in a modern society /cby Marjorie Reeves  a3rd. ed. aLondon :bUniversity of London press ltd. ,c1952 a126 p. ;c19 cm. aHalf-title: Educational issues of to-day. a"First printed, 1946. Second edition, 1949." 0aEducational sociology.